000
00296nam a2200121Ia 4500
008
190216s9999||||xx |||||||||||||| ||und||
100
_a
Lokanathan V
245
0
_a
Principles Of Economics Economic Analysis
260
_b
S Chand & Co
_c
1999
300
_a
392p
650
_a
Economics
942
_c
BK
999
_c
10442
_d
10442